| 000 | 01344cam a2200241Ia 4500 | ||
|---|---|---|---|
| 001 | 10520800 | ||
| 003 | OSt | ||
| 005 | 20240530110621.0 | ||
| 008 | 130913s2013 fr a b 000 0 fre d | ||
| 020 | _a9782724706413 | ||
| 040 | _cEG-CAGPL | ||
| 082 | 0 | 4 |
_a932 _221 _bCC/E S |
| 245 | 0 | 3 |
_aLe statut du musicien dans la Méditerranée ancienne : _bEgypte, Mésopotamie, Grèce, Rome : actes de la table ronde internationale tenue a Lyon Maison de l'Orient et de la Méditerranée (université Lumiére Lyon2) les 4 et 5 Juillet 2008, Lyon / _cSibylle Emerit ; Laure Pantalacci. |
| 260 |
_aParis : _bIfao du Caire _c2013. |
||
| 300 |
_a324 p. : _bcol. ill. ; _c28 cm. |
||
| 490 | 1 |
_aBibliothèque d'étude ; _v159 |
|
| 504 | _aIncludes bibliographical references. | ||
| 520 | 8 | _aCet ouvrage interdisciplinaire aborde la question du statut du musicien professionnel dans l'Antiquité orientale et en Méditerranée classique, selon une démarche anthropologique et historique. Sont tour à tour traités les thèmes de la rémunération, des honneurs reçus, de l'apparat, de la formation et du savoir-faire, mais aussi celui des limites juridiques et sociales qui frappent à le musicien.0. | |
| 650 | 0 |
_aMusic _zEgypt _xHistory. |
|
| 650 | 0 |
_aMusic, Greek and Roman _xHistory. |
|
| 830 | 0 |
_aBibliothèque d'étude ; _vt. 159. |
|
| 942 |
_2ddc _cBK |
||
| 999 |
_c63046 _d63046 |
||